000 00444nam a22001817a 4500
003 MPLRDC
005 20220104143137.0
008 210129b ||||| |||| 00| 0 eng d
082 _a910.98 LBS
100 _a李抱忱
245 _a山木斋话当年
_c
250 _a初版
260 _a
_b传记文学出版社
_c1967
300 _b
490 _a传记文学丛书之十八
650 _a中国音乐家
942 _cBK
_o910.98 LBS
999 _c37043
_d37033